| 000 | 00686cam a22002177a 4500 | ||
|---|---|---|---|
| 008 | 180718b2007 xxu||||| |||| 00| 0 eng d | ||
| 020 | _a0821370445 | ||
| 082 | _aO3 Av36 | ||
| 100 | _aAdeyi, Olusoji | ||
| 245 |
_aPublic policy and the challenge of chronic noncommunicable diseases _cby Olusoji Adeyi, Owen Smith and Sylvia Robles |
||
| 260 |
_aWashington, D.C. _bWorld Bank _c2007 |
||
| 300 | _a188p. | ||
| 650 | _aHealth Policy. | ||
| 650 | _aPrimary Prevention --economics | ||
| 650 | _aChronic Disease --economics | ||
| 650 | _aWorld health | ||
| 650 | _aChronic diseases --Government policy | ||
| 650 | _aWorld Bank | ||
| 700 | _aRobles, Sylvia | ||
| 700 | _aSmith, Owen | ||
| 999 |
_c294863 _d294863 |
||